000 00449pab a2200181 454500
008 180718b2006 xxu||||| |||| 00| 0 eng d
100 _aSarma, I.R.S.
245 _aGrowth and structure of the Indian textile industry
260 _c2006
300 _ap.283-94.
362 _aOct-Dec
650 _aIndia - Textile industries
650 _aTextile industry
700 _aReddy, V.K.
773 _aProductivity
908 _aN
909 _a74202
999 _c74202
_d74202